National parks in India : (Record no. 143123)

MARC details
000 -LEADER
fixed length control field 00533nam a22001817a 4500
005 - DATE AND TIME OF LATEST TRANSACTION
control field 20170804142609.0
010 ## - LCCN (DPL NO)
LC control number ENG-119525
020 ## - INTERNATIONAL STANDARD BOOK NUMBER
International Standard Book Number 9788192557144
Terms of availability 450.00
035 ## - SYSTEM CONTROL NUMBER
System control number EN-103057
037 ## - SOURCE OF ACQUISITION
Source of stock number/acquisition DBAD/PUB
082 ## - DEWEY DECIMAL CLASSIFICATION NUMBER
Classification number 333.783
100 ## - MAIN ENTRY--PERSONAL NAME
Personal name Rai,Anil
245 ## - TITLE STATEMENT
Title National parks in India :
Statement of responsibility, etc by Anil Rai
260 ## - PUBLICATION, DISTRIBUTION, ETC. (IMPRINT)
Place of publication, distribution, etc Allahbad
Name of publisher, distributor, etc Anurag PUblication
Date of publication, distribution, etc 2015
270 ## - ADDRESS
Address Sarashwati House,U-9, Subhash Park, Uttam Nagar
City Allahbad
Postal code 211001
300 ## - PHYSICAL DESCRIPTION
Extent 160p.
Dimensions 22cm(Hb)
942 ## - ADDED ENTRY ELEMENTS (KOHA)
Source of classification or shelving scheme Dewey Decimal Classification
Item type English Books
Classification part 333.783
Call number suffix RAI
Holdings
Withdrawn status Lost status Not for loan Collection code Home library Current library Date acquired Source of acquisition Cost, normal purchase price Full call number Barcode Copy number Cost, replacement price Koha item type
      Non-fiction Shahdara Branch Shahdara Branch 04/08/2017 DBAD/PUB 450.00 333.783 RAI EN-103057 1 450.00 English Books

© Delhi Public Library
Hit Counter
free hit counter